000
00266nam a2200109Ia 4500
008
220204s9999 xx 000 0 und d
082
_a
82-3
_b
BHA
100
_a
Bhandari, P L
245
0
_a
Where my caravan has rested
260
_a
New Delhi
_b
Vikas
_c
1978
942
_c
BK
999
_c
30433
_d
30433